000 00635cam a22002171 4500
001 sa 67003170
003 DLC
005 20260227112336.0
008 890928s1966 ii 000 0 hino
010 _asa 67003170
035 _a(OCoLC)20408392
040 _aDLC
_cWaU
_dNRU
_dDLC
042 _apremarc
050 0 0 _aPK2095.S8
_bB52
100 1 _aAvtare, Shanker Dev,
_d1926-
245 1 0 _aMahākavi Sūra aura Bhramaragīta.
_c[Lekhaka] Śaṅkaradeva Avatare.
260 _aDillī,
_bOrienṭala Buka Ḍipo
_c[1966]
300 _a6, 293 p.
_c23 cm.
500 _aIn Hindi.
600 0 0 _aSūradāsa,
_d1483?-1563?.
_tBhramaragīta.
999 _c73674
_d73674